000 00905nam a22002897a 4500
001 7544
003 FISKH
005 20250723154244.0
008 250723b cb ||||| |||| 00| 0 eng d
020 _a9780140547924
040 _aFISKH
_beng
_cFISKH
_dFISKH
050 _aE78.N78 S48
082 _a398.2
100 _aSiberell, Anne
245 _aWhale in the sky /
_cby Anne Siberell
260 _aNew York :
_bA Puffin Unicorn ,
_c1982.
300 _a30 unnumbered pages :
_bcolor illustrations ;
_c26 cm .
505 _aQ
520 _aDescribes the Northwest Indian totem pole which shows how Thunderbird punished Whale for chasing Salmon and scaring Frog.
521 8 _a660
_bLexile AD
521 8 _aQ
_bRaz-Plus
650 _aDiversity
_vFiction
700 _aMcLeod, Emilie
_eEditor
700 _aCounihan, Claire
_eDesigner
942 _2ddc
_cBK
_n0
999 _c7544
_d7544